| 000 | 00729nam a22002537a 4500 | ||
|---|---|---|---|
| 003 | CHAP | ||
| 005 | 20220329134853.0 | ||
| 008 | 971013s r 00010 d | ||
| 010 | _a27235 | ||
| 011 | _a28207 | ||
| 035 | _a32310 | ||
| 040 | _cCHAP | ||
| 090 | _aR-44 | ||
| 100 | 0 | 0 |
_aKelsey, J. M. _962971 |
| 245 | _aEffects of isobenzan on soil fauna and soil structure | ||
| 500 | _aSobretiro de : N.Z. Agric. Res. 11 : 245-260, 1968 | ||
| 590 |
_aBATCH-UPD _b10 _c20130110 _lUCH01 _h1850 |
||
| 590 |
_aCONVERSION _b10 _c20130109 _lUCH01 _h1316 |
||
| 650 | 1 | 4 |
_aInsecticidas _xEfecto en suelos. _958872 |
| 650 | 1 | 4 |
_aSuelos _xFauna. _9110365 |
| 901 | _aBK | ||
| 942 | _cREIMP | ||
| 949 |
_aR-44 _bBC _cR _d-75048 _eTS1 _i32310 _si |
||
| 999 |
_c27235 _d27235 |
||